000 01176nam0a2200301 i 4500
001 RU\NLR\BIBL_A\011608534
005 20240726224510.0
010 _a9785905655074
_950
021 _aRU
_b2017-100181
_97226
035 _a(RuMoRGB)009500954
035 _a(NLR Aleph) 011608534
090 _a10923589
_c10923589
100 _a20180129d2016 u y0rusy50 ca
101 0 _arus
102 _aRU
105 _a |||z|||000gy
200 1 _aПерекрёсток сюжетов
_eсборник стихов
_fМихаил Кропанёв
210 _aЕкатеринбург
_cСтанционный смотритель
_d2016
215 _a118 с.
_cил.
_d21
327 1 _aСодерж.: циклы: Шёпот веков; Зов моря; Горячее эхо; Лира; Дыхание природы; Во власти мистики; Улыбка в миноре; Мозаика
686 _aШ5(2=Р)64-65я44
_2rubbk
686 2 _aШ6(2=Р)8-5
700 1 _aКропанёв
_bМ. А.
_f1953-
_gМихаил Александрович
942 _cBOOK
980 _aNBR